Scientist or TV Character? Quiz Stats

Quiz Updated Aug 27, 2015

Challenge
Share
Tweet
Embed
Score 0/30 Timer 03:00
0 Plays Today
Name (S)cientist or (T)elevision % Correct
Sigmund Freud???
90.5%
Tony Soprano???
90%
Chandler Bing???
89.2%
Edwin Hubble???
88.8%
Barney Stinson???
88.4%
Eric Cartman???
87.5%
George Costanza???
86.4%
Walter White???
86.1%
Adrian Monk???
82.7%
Ernst Mayr???
79.6%
Dwight Schrute???
78.7%
Jean-Luc Picard???
78.7%
Robert Hooke???
78.3%
Ernest Rutherford???
77.9%
John von Neumann???
77.6%
Name (S)cientist or (T)elevision % Correct
Konrad Lorenz???
76.4%
Robert Koch???
75.1%
Tycho Brahe???
75.1%
Daenerys Targaryen???
73.4%
Franz Boas???
72.7%
Mitchell Pritchett???
69.7%
John Napier???
68%
Omar Little???
67.6%
Edward Teller???
63.3%
Max Delbruck???
62.9%
Willard Libby???
62.4%
John Bardeen???
61.3%
Malcolm Reynolds???
55.4%
Kurt Hummel???
47.9%
Nelson Van Alden ???
36.3%

You're not logged in!

Compare scores with friends on all Sporcle quizzes.
Join for Free
OR
Log In

You Might Also Like...

Show Comments

Extras

Top Quizzes Today


Score Distribution

Your Account Isn't Verified!

In order to create a playlist on Sporcle, you need to verify the email address you used during registration. Go to your Sporcle Settings to finish the process.

Report this User

Report this user for behavior that violates our Community Guidelines.

Details: